[Event "Titled Tuesday intern op 11th Jul Early"]
[Site "Chess.com INT"]
[Date "2023.07.11"]
[Round "3"]
[White "Kuzmin, Roman"]
[Black "Kumsiashvili, Nikoloz"]
[Result "1-0"]
[WhiteElo "2167"]
[BlackElo "2399"]
[PlyCount "117"]
[EventDate "2023.07.11"]
[EventType "swiss (blitz)"]
[EventRounds "11"]
[EventCountry "USA"]
[SourceTitle "EXT 2024"]
[Source "ChessBase"]
[SourceDate "2023.10.10"]
[SourceVersion "1"]
[SourceVersionDate "2023.10.10"]
[SourceQuality "1"]

1. e4 c5 2. Nf3 e6 3. d4 cxd4 4. Nxd4 Nc6 5. Nc3 Qc7 6. Be3 a6 7. Qd2 Nf6 8. 0-0-0 Bb4 9. f3 Ne5 10. Bf4 Nh5 11. Be3 Nf6 12. Kb1 Bxc3 13. Qxc3 Qxc3 14. bxc3 d5 15. Bf4 Ng6 16. Bd6 dxe4 17. Be2 Bd7 18. Nb3 Bc6 19. Kb2 exf3 20. gxf3 Rd8 21. c4 Ne7 22. Rhg1 Nf5 23. Be5 Rxd1 24. Rxd1 0-0 25. Na5 Rc8 26. Nxc6 bxc6 27. c5 a5 28. Ba6 Rf8 29. Bb7 Ne3 30. Rd4 Nd7 31. Bd6 e5 32. Re4 Nd1+ 33. Kc1 Nc3 34. Rc4 Nxa2+ 35. Kb2 Nb4 36. Bxf8 Kxf8 37. c3 Nd3+ 38. Kc2 N3xc5 39. Bxc6 Ke7 40. Bxd7 Nxd7 41. Ra4 f5 42. Rxa5 g5 43. Kd3 h5 44. Kc4 g4 45. fxg4 hxg4 46. Kd5 Nb6+ 47. Kc6 Nc4 48. Rc5 f4 49. Rxc4 f3 50. Ra4 e4 51. Rxe4+ Kf6 52. Re1 Kf5 53. Kd5 Kf4 54. Kd4 f2 55. Rf1 Kf3 56. Kd3 Kg2 57. Ke2 Kxh2 58. Rxf2+ Kg3 59. c4 1-0